000 00968cab a2200325 4500
001 ABS52791
008 090401t1995 xxu||||| |||| 00| 0 eng d
035 _a(Sirsi) u231
041 _aeng
245 _aAlternative land use
260 _c1995
350 _a0
490 _aFarm Development Review
_v9(6) April 1995, 1-8 (LOAN)
520 _aCovers farmers` markets and direct marketing of produce, the CLA rural policy document, exotic meats, farm holiday survey and the alliance of the Organic Farmers & Growers and the Soil Association.
650 _aCLA
650 _aFARM DIVERSIFICATION
650 _aFARM PRODUCE
650 _aFARM SHOPS
650 _aFARMERS MARKETS
650 _aMARKETING
650 _aMARKETS
650 _aORGANIC FARMERS AND GROWERS
650 _aRURAL WHITE PAPER
650 _aSOIL ASSOCIATION
650 _aSTREET MARKETS
650 _aTOURISM
690 _aRURAL PRACTICE
942 _n0
948 _c04/03/1997
999 _c91
_d91